00974 2200313 4500001002100000005001500021035002000036007000300056008004100059020002200100040002200122082001400144084001600158090002200174100002100196245011300217250003000330300003900360650002600399700002900425850001200454504003400466264004200500336002100542337003000563338002300593999002200616990002200638INLIS00000000088769220240619093505 a0010-0624000594ta240619s2024 yoia g ind d a978-623-164-829-7 aYOPDYOGbinderda04223a153.4 a153.4 EMH f aCB-D.11 2024-11130 aEmhafepengarang10aFilsafat berfikir :bmenyelami proses berfikir dan berlogika secara benar /cEhmaf; penyunting, Fira Husaini aCetakan pertama, Mei 2024 aix, 202 halaman :bgambar ;c20 cm 4aPikiran dan pemikiran0 aFira Husainiepenyunting aYOPDYOG aBibliografi : halaman 200-20131aBantul :bAnak Hebat Indonesia,c2024 2rdacontentateks 2rdamediaatanpa perantara 2rdacarrieravolume aCB-D.11/2024-1113 aCB-D.11/2024-1113